000 00634nam a2200241 a 4500
005 20210219153530.0
008 991125n 000 0 u
035 _aUPN01000105093
100 _aTompkins, Jane
222 _aCHANGE
245 _aThe way we live now
300 _a12-19
362 _a24, No. 6, 1992
505 _aMayo 1993
653 0 _aACTITUD DOCENTE
653 0 _aCALIDAD DE VIDA DEL TRABAJADOR
653 0 _aFACULTAD COLEGIAL
653 0 _aMEDIO AMBIENTE EN EL TRABAJO
653 0 _aRELACION ENTRE COMPA\197EROS
653 0 _aSATISFACCION DEL TRABAJO
904 _aAC
_b042904
905 _aArticulo
999 _c79237
_d79237